Statistics for Twilight-the movie

Click here to take the quiz!

General Stats

  • This quiz has been taken 96 times
  • The average score is 12 of 14

Answer Stats

QuestionsAnswers% Correct
What was the name of the main female character? Bella
100%
What was the name of the main male character? Edward
100%
Who is the male main character's sister who is the female main character's Best Friend?Alice
98%
What was the male main characters last name?Cullen
98%
What was the female main characters last name?Swan
95%
What was the name of the character who imprinted on the daughter of the main male and female characters. (full name)Jacob Black
94%
What beings were the family of the main male character?Vampire
94%
Who supported the female main character the whole time during her pregnancy?Rosalie
92%
Who played the main female character in the movie? (full name)Kristen Stewart
91%
Who played the main male character in the movie? (full name)Robert Pattinson
90%
What was the male and female main characters' daughter's name?Renesmee
86%
How old was the male main character? 17
77%
Who played the character who imprinted on the daughter of the main male and female characters? (full name)Taylor Lautner
77%
Who played the daughter of the male and female characters? (full name)Mackenzie Foy
57%

Score Distribution

Percentile by Number Answered

Percent of People with Each Score

Your Score History

You have not taken this quiz